PHYSICAL PHARMACEUTICS-1 (Record no. 12396)

MARC details
000 -LEADER
fixed length control field 00403nam a22001697a 4500
003 - CONTROL NUMBER IDENTIFIER
control field OSt
008 - FIXED-LENGTH DATA ELEMENTS--GENERAL INFORMATION
fixed length control field 240404b |||||||| |||| 00| 0 eng d
020 ## - INTERNATIONAL STANDARD BOOK NUMBER
International Standard Book Number 9788122479355
082 ## - DEWEY DECIMAL CLASSIFICATION NUMBER
Classification number 615.19 KAP
100 ## - MAIN ENTRY--PERSONAL NAME
Personal name KAR, ASHUTOSH
245 ## - TITLE STATEMENT
Title PHYSICAL PHARMACEUTICS-1
250 ## - EDITION STATEMENT
Edition statement 2nd
260 ## - PUBLICATION, DISTRIBUTION, ETC. (IMPRINT)
Place of publication, distribution, etc New Delhi
Name of publisher, distributor, etc New Age
Date of publication, distribution, etc 2024
300 ## - PHYSICAL DESCRIPTION
Extent xii,219
650 ## - SUBJECT ADDED ENTRY--TOPICAL TERM
Topical term or geographic name as entry element PHYSICAL PHARMACEUTICAL-I
942 ## - ADDED ENTRY ELEMENTS (KOHA)
Source of classification or shelving scheme Dewey Decimal Classification
Koha item type Text Books
Holdings
Withdrawn status Lost status Source of classification or shelving scheme Damaged status Not for loan Collection code Home library Current library Date acquired Source of acquisition Currency Cost, normal purchase price Bill Number Total Checkouts Full call number Acc. no. / Barcode Date last seen Actual Cost, discounted price Bill Date Koha item type Date last borrowed
    Dewey Decimal Classification     B.Pharma PIET C-LIBRARY PIET C-LIBRARY 03/04/2024 ZAFAA BOOKS RUPEES 425.00 ZBDO459   615.19 KAP BP2486 04/04/2024 289.00 23/03/2024 Reference Books  
    Dewey Decimal Classification     B.Pharma PIET C-LIBRARY PIET C-LIBRARY 03/04/2024 ZAFAA BOOKS RUPEES 425.00 ZBDO459 3 615.19 KAP BP2487 23/01/2026 289.00 23/03/2024 Text Books 09/01/2026
    Dewey Decimal Classification     B.Pharma PIET C-LIBRARY PIET C-LIBRARY 03/04/2024 ZAFAA BOOKS RUPEES 425.00 ZBDO459 2 615.19 KAP BP2488 26/11/2025 289.00 23/03/2024 Text Books 21/11/2025
    Dewey Decimal Classification     B.Pharma PIET C-LIBRARY PIET C-LIBRARY 03/04/2024 ZAFAA BOOKS RUPEES 425.00 ZBDO459 1 615.19 KAP BP2489 06/05/2025 289.00 23/03/2024 Text Books 23/04/2025
    Dewey Decimal Classification     B.Pharma PIET C-LIBRARY PIET C-LIBRARY 03/04/2024 ZAFAA BOOKS RUPEES 425.00 ZBDO459 1 615.19 KAP BP2490 28/11/2025 289.00 23/03/2024 Text Books 20/11/2025

Design & Developed by: PIET Central Library
R70 Miles Stone Pattikalyana Samalkha Panipat 132102
mail ID :- [email protected], Phone No:- 0180-2569700 Ex.216